000 00443nam a2200169Ia 4500
003 GCL
008 140319s9999 xx 000 0 eng d
040 _aGCL /
_cGCL
082 0 4 _a299.56
_bK E
100 1 _aKNAPPERT,JAN
245 1 0 _aTHE ENCYLOPAEDIA OF MIDDLE EASTERN MYTHOLOGY /
_cKNAPPERT,JAN
260 _a[S.N] :
_bELEMENT ،
_c1993
300 _a309P
650 0 4 _aMYTHODOLOGY
650 0 4 _aMIDDLE EAST - RELIGION
942 _2ddc
_cBK
999 _c12443
_d12443